000 00899nam a22001937a 4500
005 20260603153543.0
010 _aB-780250-254 BACEN26
020 _a9789347875458
_c235.00
035 _aB-780250-254
037 _bCommercial Law Publishers
082 _a363.70954
_21
245 _aThe Water (Prevention and Control of Pollution) Act, 1974
250 _a1
260 _aDelhi
_bCommercial Law Publishers (India) Pvt Ltd
_c2026
270 _a151, Rajindra Market, Opp, Tis Hazari Courts
_bDelhi
_e110054
_mcommercialhouse@yahoo.co.in
300 _a163p.
_c24cm.(Pb)
942 _2ddc
_cEN
_h363.70954
_mWAT
999 _c215294
_d215294